Czechia in the Eurovision Song Contest - Statistics

General Stats
  • This quiz has been taken 93 times
    21 since last reset
  • The average score is 10 of 15
Answer Stats
Year Place Song Artist(s) % Correct
2024 11 (SF) Pedestal Aiko
84%
2023 10 My Sister's Crown Vesna
84%
2018 6 Lie to Me Mikolas Josef
74%
2025 12 (SF) Kiss Kiss Goodbye Adonxs
68%
2021 15 (SF) Omaga Benny Cristo
68%
2020 - Kemama Benny Cristo
68%
2007 28 (SF) Malá dáma Kabát
68%
2022 22 Lights Off We Are Domi
68%
2026 16 Crossroads Daniel Zizka
63%
2019 11 Friend of a Friend Lake Malawi
63%
2015 13 (SF) Hope Never Dies Marta Jandová & Václav Noid Bárta
58%
2016 25 I Stand Gabriela Gunčíková
53%
2009 18 (SF) Aven Romale Gipsy.cz
47%
2017 13 (SF) My Turn Martina Bárta
47%
2008 18 (SF) Have Some Fun Tereza Kerndlová
47%
No matching quizzes found
Score Distribution
Percent of People with Each Score
Percentile by Number Answered
Your Score History
You have not taken this quiz since the last reset